000 00490nam a2200193Ia 4500
005 20241111114157.0
008 131103s9999 xx 000 0 und d
040 _aLoreto College
041 _aEnglish
082 _a900
_bFIS
100 _aFisher,H.A.L.
245 2 _aA history of Europe
_cH.A.L.Fisher
260 _aLondon
_bEdward Arnold Ltd.
_c1957
300 _aV.1
_b ill.,maps
504 _aIncludes index
650 _aEurope - Modern History
850 _aLCBED
942 _cBK
999 _c28906
_d79385